Володимир Галактіонович Короленко і Рівненщина. До 150-річчя від дня народження (Запис № 319545)

МАРК-запис
000 -Лідер
fixed length control field 00737nam a22002417a 4500
003 - Ідентифікатор контрольного номера
control field UA-OsUOA
001 - Контрольний номер
control field 33088
007 - Фіксоване поле фізичного опису
fixed length control field ta
008 - Елементи даних фіксованої довжини – загальна інформація
fixed length control field 20050311b un ||||| |||| 00| 0 ukr d
090 ## - Локальний шифр розміщення
Класифікаційний індекс УДК 016:82(09)
Авторський знак (НП) В68
040 ## - Джерело каталогізації
Агенція оригінальної каталогізації UA-OsUOA
Мова каталогізації ukr
Агенція, яка здійснювала перезапис UA-OsUOA
Агенція, яка здійснювала модифікацію UA-OsUOA
041 ## - Код мови
Код мови тексту/ звукової доріжки чи окремого заголовка (П) ukr
080 ## - Індекс Універсальної десяткової класифікації
Індекс Універсальної десяткової класифікації (УДК) (НП) 016:82(09)
020 ## - Міжнародний стандартний книжковий номер (ISBN)
Міжнародний стандартний книжковий номер (ISBN) (НП) 966-8306-04-Х
044 ## - Код країни видавця/ виробника
Код країни видавця/ виробника (П) UA
245 ## - Відомості про назву
Назва (НП) Володимир Галактіонович Короленко і Рівненщина. До 150-річчя від дня народження
Дані про відповідальність (НП) Уклад. Н. М.Кожан Т. О.Пономарьова
260 ## - Публікація, розповсюдження і т.п. (Вихідні дані)
Місце публікації, розповсюдження і т.п. (П) Рівне
Ім’я/ наймення видавництва, розповсюджувача і т.п. (П) Волинські обереги
Дата публікації, розповсюдження і т.п. (П) 2003
300 ## - Фізичний опис
Обсяг 56 с.
650 #7 - Додаткове предметне введення – тематичний термін
Джерело заголовка чи терміна UDC
942 ## - Додаткові елементи входу (Коха)
Тип елемента Koha Книги
955 ## - Код типу видання за змістом
Код типу видання за змістом (НП) інше
Фонди
Стан вилучень Стан втрат Джерело класифікації або схеми стелажів Стан уражень Не для кредиту Постійне місце розташування Поточне розміщення Дата придбання Інвентарний номер Усього замовленно Повний номер виклику Штрих-код Дата останнього перегляду Ціна ефективна від Тип елемента Koha
    Universal Decimal Classification     ЧЗ - Читальна зала ЧЗ - Читальна зала 11/03/2005 83512   016:82(09) В68 83512 21/06/2022 11/03/2005 Книги
    Universal Decimal Classification     ЧЗ - Читальна зала ЧЗ - Читальна зала 11/03/2005 83513   016:82(09) В68 83513 21/06/2022 11/03/2005 Книги
    Universal Decimal Classification     ЧЗ - Читальна зала ЧЗ - Читальна зала 11/03/2005 83514   016:82(09) В68 83514 21/06/2022 11/03/2005 Книги
    Universal Decimal Classification     ЧЗ - Читальна зала ЧЗ - Читальна зала 11/03/2005 83515   016:82(09) В68 83515 21/06/2022 11/03/2005 Книги
    Universal Decimal Classification     ЧЗ - Читальна зала ЧЗ - Читальна зала 11/03/2005 83516   016:82(09) В68 83516 21/06/2022 11/03/2005 Книги